00506 a2200133 4500001001000000005001700010008004100027245011800068100003200186700002300218700002000241773009400261999001700355ART_2404120260410161933.0260409a 10aComplementariedades de conocimiento, estrategias de conectividad e innovación en firmas industriales argentinas1 aBarletta, María Florencia1 aRobert, Verónica1 aYoguel, Gabriel0 tRevista de Economía Política de Buenos Airesg- Año 6, Nº 11 (mayo 2012)wREV23982 c28809d28809